00438nam a2200205Ia 4500003000900000008004100009040001300050040001300063041000800076100002000084100000900104245002700113250001200140260002800152260000900180300001100189300001000200490001600210490000600226IT-RoPAU120407s9999 xx 000 0 und d aIT-RoPAU cIT-RoPAU aita aDomenico Grasso cs.j. aIl problema di Cristo. aAssisi  aPro Civitate Christiana c1964 a350 p. c21 cm aUt unum, 2b v1